al Qiyas (the analogy) and banking interest : special study on the suitability of qiyas in proving the rule of banking interest in the contemporary juristic discourse /
محفوظ في:
| المؤلف الرئيسي: | |
|---|---|
| التنسيق: | أطروحة |
| اللغة: | English |
| منشور في: |
Petaling Jaya
: International Islamic University Malaysia,
1992
|
| الموضوعات: | |
| الوصول للمادة أونلاين: | http://studentrepo.iium.edu.my/handle/123456789/2010 |
| الوسوم: |
إضافة وسم
لا توجد وسوم, كن أول من يضع وسما على هذه التسجيلة!
|
| LEADER | 018450000a22003490004500 | ||
|---|---|---|---|
| 001 | 68339 | ||
| 005 | 20100604121800.0 | ||
| 008 | 861211s1992 my eng | ||
| 035 | |a 257694 | ||
| 035 | |a (Sirsi) 68339 | ||
| 040 | |a UIAM |b eng | ||
| 049 | |b m | ||
| 050 | 4 | |a BP158.6.P224 | |
| 100 | 0 | |a Abdurrahman Raden Aji Haqqi | |
| 245 | 1 | 3 | |a al Qiyas (the analogy) and banking interest : |b special study on the suitability of qiyas in proving the rule of banking interest in the contemporary juristic discourse / |c prepared by Abdurrahman Raden Aji Haqqi |
| 260 | 1 | |a Petaling Jaya |b : International Islamic University Malaysia, |c 1992 | |
| 300 | |a 121 p. ; |c 29 cm. | ||
| 502 | |a (M.C.L.)--International Islamic University Malaysia, 1992 | ||
| 504 | |a Includes bibliographical references (leaves 115-121). | ||
| 596 | |a 1 | ||
| 650 | 0 | |a Interest (Islamic law) | |
| 650 | 0 | |a Islamic law |x Interpretation and construction | |
| 655 | 0 | 7 | |a Theses, IIUM local |
| 690 | 0 | |a DIssertations, Academic |z UIAM | |
| 710 | 2 | |a International Islamic University Malaysia. |b Kulliyyah of Laws | |
| 856 | 4 | |u http://studentrepo.iium.edu.my/handle/123456789/2010 | |
| 900 | 0 | |a bal-ami-rmb | |
| 999 | |c 430291 |d 461782 | ||
| 952 | |0 0 |6 T BP 000158.6 P224A1356Q 1992 |7 0 |8 THESES |9 749477 |a IIUM |b IIUM |c MULTIMEDIA |g 0.00 |o t BP158.6P224A1356Q 1992 |p 00000264810 |r 2017-10-17 |t 1 |v 0.00 |y THESIS | ||
| 952 | |0 0 |6 TS CDF BP158.6P34A1356Q 1992 |7 0 |8 THESES |9 788400 |a IIUM |b IIUM |c MULTIMEDIA |g 0.00 |o ts cdf BP158.6P34A1356Q 1992 |p 00010983502 |r 2017-10-26 |t 1 |v 0.00 |y THESISDIG | ||
| 952 | |0 0 |6 T BP158.6P34A1356Q 1992 |7 0 |9 788401 |a IIUM |b IIUM |g 0.00 |o t BP158.6P34A1356Q 1992 |p 00010981637 |r 2017-10-17 |t 1 |v 0.00 |y BOOKSTRICT | ||
| 952 | |0 0 |6 AIC T BP158.6P34A1356Q 1992 |7 0 |8 SAHMADIB |9 788402 |a IIUM |b IIUM |c SPECIALSH |g 0.00 |o aic t BP158.6P34A1356Q 1992 |p 00011062574 |r 2018-11-01 |t 1 |v 0.00 |y BOKSPECL2H | ||
